Brawlers by First and Last Letter and Scramble - Statistics

General Stats
  • This quiz has been taken 13 times
  • The average score is 37 of 60
Answer Stats
Hint Answer % Correct
GE Gene
100%
SM Sam
100%
CL Carl
89%
EZ Emz
86%
EE Eve
86%
JE Jessie
86%
BI Bibi
83%
FG Fang
83%
PM Pam
83%
RA Rosa
83%
KT Kit
80%
LE Larry & Lawrie
80%
RO Rico
80%
SE Spike
80%
GF Griff
78%
AH Ash
75%
BY Berry
75%
CW Crow
75%
GE Gale
75%
LY Lily
75%
LA Lola
75%
TA Tara
75%
GS Gus
71%
LU Lou
71%
MP Mr. P
71%
PL Pearl
71%
SE Surge
71%
OE Ollie
70%
BE Belle
67%
BO Bo
67%
CE Colette
67%
FK Frank
67%
GM Grom
67%
KI Kenji
67%
LN Leon
67%
MG Meg
67%
NA Nita
67%
PO Poco
67%
SY Sandy
67%
SU Stu
67%
8T 8-bit
63%
AO Angelo
63%
CR Chester
63%
GY Gray
63%
MO Mico
63%
OS Otis
63%
CT Colt
60%
DL Darryl
60%
JY Jacky
60%
MY Mandy
60%
PY Penny
60%
SY Shelly
60%
BL Bull
57%
BR Buzz Lightyear
57%
DO Draco
57%
JU Juju
57%
MS Mortis
57%
TK Tick
57%
BK Brock
56%
JT Janet
56%
ST Sprout
56%
SK Squeak
56%
AR Amber
50%
BY Barley
50%
BA Bea
50%
BR Buster
50%
BZ Buzz
50%
BN Byron
50%
CK Chuck
50%
CS Cordelius
50%
DG Doug
50%
DE Dynamike
50%
ER Edgar
50%
EO El Primo
50%
ME Maisie
50%
MX Max
50%
ME Melodie
50%
ME Moe
50%
NI Nani
50%
RS Ruffs
50%
WW Willow
50%
CY Clancy
43%
RT R-T
43%
HK Hank
40%
PR Piper
40%
ME Meeple
38%
SE Shade
38%
CE Charlie
33%
BE Bonnie
25%
No matching quizzes found
Score Distribution
Percent of People with Each Score
Percentile by Number Answered
Your Score History
You have not taken this quiz